| 000 | 004510000a22001810004500 | ||
|---|---|---|---|
| 003 | MACL | ||
| 005 | 20150930161920.0 | ||
| 008 | 150930b xxu||||| |||| 00| 0 eng d | ||
| 040 |
_aMACL _cMACL |
||
| 041 | _aEnglish | ||
| 082 | _a294/SAS | ||
| 100 |
_aSamaj, Sadhharan Brahmo _912973 |
||
| 245 | _aHistory Of The Brahmo Samaj | ||
| 260 |
_bSadharan Brahmo Samaj _c1974 _aCalcutta |
||
| 350 | _a25 | ||
| 650 |
_aHistory _912974 |
||
| 942 |
_cBK _k900 _2ddc |
||
| 999 |
_c5760 _d5760 |
||